| 000 | 00368nam a22001697a 4500 | ||
|---|---|---|---|
| 003 | SGT | ||
| 020 | _a9783540341901 | ||
| 082 |
_a611.8 _bR05G |
||
| 100 | _aGallucci, Massimo | ||
| 245 | _aRadiographic Atlas of Skull and Brain Anatomy | ||
| 250 | _a1st | ||
| 260 |
_bSpringer _c2005 |
||
| 300 | _a362 | ||
| 650 | _aAnatomy | ||
| 653 | _aAnatomy | ||
| 942 |
_2ddc _cBK |
||
| 999 |
_c22816 _d22816 |
||